000
00327nam a2200133Ia 4500
005
20251222155114.0
008
251222s9999||||xx |||||||||||||| ||spa||
082
_a
ETI.74
100
_a
VALLS MOLINS,Roser.
245
0
_a
Etica para EnfermerÃa un programa de formación
250
_a
1ra. ed.
264
_b
ROL
942
_c
LIB
999
_c
38162
_d
38162